000 00265nam a22000977a 4500
008 230602b xxu||||| |||| 00| 0 eng d
082 _a303.6
245 _aEthnic conflict management in kenya
_bAn introductory handbook for peace Building
300 _a52p
942 _2ddc
_cBK
999 _c88
_d88